000 00313nam a2200133Ia 4500
008 240624s9999 xx 000 0 und d
041 _aeng
082 _a920 GAN
100 _aGUHA RAMACHANDRA
245 _aGANDHI BEFORE INDIA
260 _c2013
_aNew Delhi
_bAllen Lane
300 _a688 : p.
365 _cRS
_b25
999 _c22186
_d22186